[Event "Amsterdam Chess Tournament 2005"]
[Site "Amsterdam NED"]
[Date "2005.07.23"]
[Round "8.12"]
[White "Ivanov, Jordan Mitev"]
[Black "Van Der Wiel, John"]
[Result "1/2-1/2"]
[WhiteElo "2347"]
[BlackElo "2508"]
[PlyCount "105"]
[EventDate "2005.07.16"]
[EventType "tourn"]
[EventRounds "9"]
[EventCountry "NED"]
[Source "lmi"]
[SourceDate "2005.07.25"]

1. d4 Nf6 2. c4 e6 3. Nc3 Bb4 4. e3 c5 5. Bd3 Nc6 6. Nge2 cxd4 7. exd4 d5 8.
cxd5 Nxd5 9. O-O O-O 10. Nxd5 exd5 11. Be3 Be7 12. Rc1 Be6 13. Nf4 Bf6 14. Rc5
g6 15. Nxe6 fxe6 16. Qg4 Qd7 17. Rfc1 Rfe8 18. h4 Qg7 19. Bb5 h5 20. Qh3 Bxd4
21. Bxd4 Qxd4 22. Bxc6 bxc6 23. Rxc6 Qxb2 24. Re1 Kh8 25. Rexe6 Rxe6 26. Qxe6
Rf8 27. Qe3 Qa1+ 28. Kh2 Qg7 29. Rd6 Kh7 30. Rxd5 Qf7 31. Ra5 Qc7+ 32. Qe5
Qxe5+ 33. Rxe5 Rxf2 34. Re7+ Kh6 35. Rxa7 Rf5 36. a4 g5 37. Kg3 gxh4+ 38. Kxh4
Rf4+ 39. Kg3 Rb4 40. a5 Ra4 41. a6 h4+ 42. Kf3 Ra2 43. Ra8 Kg7 44. a7 Ra4 45.
Ke3 Kh7 46. Kd3 Kg7 47. Kc3 Ra1 48. Kd4 Ra2 49. Ke5 Kh7 50. Kf6 Rf2+ 51. Kg5
Rxg2+ 52. Kxh4 Ra2 53. Kh5 1/2-1/2

[Event "Amsterdam Chess Tournament 2005"]
[Site "Amsterdam NED"]
[Date "2005.07.23"]
[Round "8.13"]
[White "Dambacher, Martyn"]
[Black "Bellini, Fabio"]
[Result "0-1"]
[WhiteElo "2388"]
[BlackElo "2501"]
[PlyCount "62"]
[EventDate "2005.07.16"]
[EventType "tourn"]
[EventRounds "9"]
[EventCountry "NED"]
[Source "lmi"]
[SourceDate "2005.07.25"]

1. d4 d5 2. c4 e6 3. Nc3 c6 4. cxd5 exd5 5. Nf3 Bd6 6. Bg5 f6 7. Bh4 Ne7 8. Bg3
Bg4 9. e3 O-O 10. Bd3 f5 11. Bxd6 Qxd6 12. Ne2 Bxf3 13. gxf3 Nd7 14. Qd2 c5 15.
dxc5 Nxc5 16. O-O-O Qb6 17. Kb1 Rad8 18. Bc2 Nc6 19. Qc3 Rf7 20. Nf4 Ne7 21.
Rd4 Rf6 22. Rhd1 Rfd6 23. h4 Kf7 24. Rg1 g6 25. h5 Ne6 26. hxg6+ hxg6 27. Nxe6
Kxe6 28. e4 Rc8 29. exf5+ Kd7 30. Qe3 Rxc2 31. Qa3 Qxd4 0-1

[Event "Amsterdam Chess Tournament 2005"]
[Site "Amsterdam NED"]
[Date "2005.07.23"]
[Round "8.14"]
[White "De Boer, Sybolt"]
[Black "Siebrecht, Sebastian"]
[Result "1-0"]
[WhiteElo "2320"]
[BlackElo "2487"]
[PlyCount "109"]
[EventDate "2005.07.16"]
[EventType "tourn"]
[EventRounds "9"]
[EventCountry "NED"]
[Source "lmi"]
[SourceDate "2005.07.25"]

1. d4 f5 2. g3 Nf6 3. Bg2 g6 4. b3 Bg7 5. Bb2 O-O 6. Nf3 c5 7. d5 d6 8. O-O Na6
9. c4 Rb8 10. Nc3 Nc7 11. Rc1 b5 12. Ba1 bxc4 13. bxc4 e5 14. dxe6 Bxe6 15. Qd3
Rb4 16. Rfd1 Rxc4 17. Ng5 Rd4 18. Qc2 Rxd1+ 19. Rxd1 Qe7 20. Qa4 a6 21. Nxe6
Qxe6 22. Qc6 Nfe8 23. e3 Kh8 24. Rb1 g5 25. Rb8 f4 26. Nd5 fxg3 27. hxg3 Nxd5
28. Bxd5 Qf5 29. Bxg7+ Kxg7 30. Rb2 h5 31. Qb7+ Kh6 32. Be4 Qf7 33. Qxa6 Qf6
34. Qe2 h4 35. g4 Qe5 36. Qc2 Nf6 37. Bf5 d5 38. Qxc5 Rd8 39. Rb7 h3 40. Qe7
Qxe7 41. Rxe7 d4 42. Rf7 h2+ 43. Kg2 dxe3 44. Rxf6+ Kg7 45. Rg6+ Kf7 46. fxe3
Rd2+ 47. Kh1 Re2 48. Rxg5 Rxa2 49. Rh5 Ra3 50. e4 Kf6 51. Kxh2 Ke5 52. Rh3 Ra2+
53. Kg3 Ra3+ 54. Kh4 Ra8 55. Rf3 1-0

[Event "Amsterdam Chess Tournament 2005"]
[Site "Amsterdam NED"]
[Date "2005.07.23"]
[Round "8.15"]
[White "Nijboer, Friso"]
[Black "Vrenegoor, Taco"]
[Result "1-0"]
[WhiteElo "2529"]
[BlackElo "2349"]
[PlyCount "91"]
[EventDate "2005.07.16"]
[EventType "tourn"]
[EventRounds "9"]
[EventCountry "NED"]
[Source "lmi"]
[SourceDate "2005.07.25"]

1. e4 c5 2. Nf3 d6 3. d4 cxd4 4. Nxd4 Nf6 5. Nc3 a6 6. Be2 e5 7. Nb3 Be7 8. O-O
O-O 9. Kh1 b6 10. Be3 Bb7 11. f3 b5 12. a4 b4 13. Nd5 Nxd5 14. exd5 Nd7 15. c3
bxc3 16. bxc3 Bg5 17. Bf2 Qc7 18. c4 a5 19. Nd2 Bxd2 20. Qxd2 Nc5 21. Rfb1 Bc8
22. Qb2 Bf5 23. Qb6 Rfc8 24. Qxc7 Rxc7 25. Rb6 Bd3 26. Bxc5 Bxe2 27. Bxd6 Rxc4
28. Rab1 f6 29. Rb8+ Rxb8 30. Rxb8+ Kf7 31. Rb7+ Ke8 32. Kg1 Rd4 33. Re7+ Kd8
34. Rxg7 Rxd5 35. Be7+ Ke8 36. Bxf6 Bd3 37. Re7+ Kf8 38. g4 Rd4 39. Rxe5 Rxa4
40. Kf2 Bb1 41. Kg3 Kf7 42. Bd8 Rd4 43. Bxa5 Ba2 44. Rf5+ Ke8 45. Rf6 Ke7 46.
Rh6 1-0

[Event "Amsterdam Chess Tournament 2005"]
[Site "Amsterdam NED"]
[Date "2005.07.23"]
[Round "8.16"]
[White "Slingerland, Fred"]
[Black "Megaranto, Susanto"]
[Result "0-1"]
[WhiteElo "2259"]
[BlackElo "2499"]
[PlyCount "52"]
[EventDate "2005.07.16"]
[EventType "tourn"]
[EventRounds "9"]
[EventCountry "NED"]
[Source "lmi"]
[SourceDate "2005.07.25"]

1. e4 e6 2. d4 d5 3. Nc3 Nf6 4. Bg5 Be7 5. e5 Nfd7 6. Bxe7 Qxe7 7. f4 a6 8. Nf3
c5 9. dxc5 Nc6 10. Qd2 Qxc5 11. Bd3 b5 12. Qf2 Qb4 13. O-O-O Qxf4+ 14. Kb1
Ncxe5 15. Rhe1 O-O 16. Ne2 Qf6 17. Ng3 Nxd3 18. Rxd3 g6 19. Qe3 Bb7 20. Qh6
Rac8 21. Rd4 Rc4 22. Rxc4 dxc4 23. Rd1 Bd5 24. h4 Bxf3 25. Rxd7 Bd5 26. a3 Qe5
0-1

[Event "Amsterdam Chess Tournament 2005"]
[Site "Amsterdam NED"]
[Date "2005.07.23"]
[Round "8.18"]
[White "Hoffmann, Michael"]
[Black "Purnama, Tirta Chandra"]
[Result "1-0"]
[WhiteElo "2475"]
[BlackElo "2337"]
[PlyCount "63"]
[EventDate "2005.07.16"]
[EventType "tourn"]
[EventRounds "9"]
[EventCountry "NED"]
[Source "lmi"]
[SourceDate "2005.07.25"]

1. e4 e5 2. Nf3 Nc6 3. Bb5 a6 4. Ba4 Nf6 5. O-O Be7 6. Re1 b5 7. Bb3 d6 8. c3
O-O 9. h3 Re8 10. d4 Bf8 11. Nbd2 Bb7 12. d5 Nb8 13. Nf1 h6 14. N3h2 Nbd7 15.
Ng4 Nc5 16. Bc2 Nxg4 17. Qxg4 g6 18. Ne3 Nd7 19. a4 Nf6 20. Qf3 c6 21. dxc6
Bxc6 22. axb5 axb5 23. Rxa8 Bxa8 24. Ng4 Nxg4 25. hxg4 Qe7 26. Bb3 Bc6 27. Rd1
Kg7 28. g3 Qb7 29. Bd5 Ra8 30. Kg2 Ra4 31. g5 Rxe4 32. Qxe4 1-0

[Event "Amsterdam Chess Tournament 2005"]
[Site "Amsterdam NED"]
[Date "2005.07.23"]
[Round "8.21"]
[White "Bellin, Robert"]
[Black "Schmitz, Henk"]
[Result "1/2-1/2"]
[WhiteElo "2399"]
[BlackElo "2306"]
[PlyCount "50"]
[EventDate "2005.07.16"]
[EventType "tourn"]
[EventRounds "9"]
[EventCountry "NED"]
[Source "lmi"]
[SourceDate "2005.07.25"]

1. e4 Nc6 2. Nf3 e5 3. Bb5 Bc5 4. O-O Qf6 5. b4 Bxb4 6. c3 Bd6 7. d4 Nge7 8.
Nbd2 h6 9. Nc4 Ng6 10. Nxd6+ Qxd6 11. Qa4 a6 12. Ba3 Qf6 13. Rad1 b6 14. dxe5
Qe6 15. Nd4 Nxd4 16. cxd4 Bb7 17. d5 axb5 18. Qxa8+ Bxa8 19. dxe6 fxe6 20. f3
Nxe5 21. Bb2 Nc4 22. Bxg7 Rh7 23. Bd4 c5 24. Bf2 d5 25. Rfe1 Kf7 1/2-1/2

[Event "Amsterdam Chess Tournament 2005"]
[Site "Amsterdam NED"]
[Date "2005.07.23"]
[Round "8.22"]
[White "Van de Oudeweetering, Arthur"]
[Black "Van Leent, Dimitri"]
[Result "1-0"]
[WhiteElo "2368"]
[BlackElo "2261"]
[PlyCount "63"]
[EventDate "2005.07.16"]
[EventType "tourn"]
[EventRounds "9"]
[EventCountry "NED"]
[Source "lmi"]
[SourceDate "2005.07.25"]

1. e4 e5 2. Nf3 Nc6 3. Bb5 Nf6 4. O-O Bc5 5. c3 O-O 6. d4 Bb6 7. Bg5 h6 8. Bh4
d6 9. Qd3 Qe7 10. Nbd2 Nb8 11. Rfe1 c6 12. Ba4 Nbd7 13. Nc4 Bc7 14. Ne3 Re8 15.
Rad1 Qf8 16. Bxf6 Nxf6 17. d5 b5 18. Bb3 Bd7 19. dxc6 Bxc6 20. Nd5 Bxd5 21.
Bxd5 Rab8 22. Nh4 Red8 23. Re3 Kh7 24. Rf3 Qe7 25. Nf5 Qd7 26. Rh3 Rh8 27. Qg3
Ne8 28. Rd3 Bd8 29. Rh5 b4 30. Qh3 Bf6 31. Rxh6+ gxh6 32. Qxh6+ 1-0

[Event "Amsterdam Chess Tournament 2005"]
[Site "Amsterdam NED"]
[Date "2005.07.23"]
[Round "8.23"]
[White "Pliester, Leon"]
[Black "Wells, Peter"]
[Result "1/2-1/2"]
[WhiteElo "2378"]
[BlackElo "2529"]
[PlyCount "30"]
[EventDate "2005.07.16"]
[EventType "tourn"]
[EventRounds "9"]
[EventCountry "NED"]
[Source "lmi"]
[SourceDate "2005.07.25"]

1. e4 c5 2. Nf3 Nc6 3. d4 cxd4 4. Nxd4 Nf6 5. Nc3 d6 6. Bg5 e6 7. Qd2 Be7 8.
O-O-O O-O 9. f4 Nxd4 10. Qxd4 Qa5 11. e5 dxe5 12. Qxe5 Qxe5 13. fxe5 Nd5 14.
Bxe7 Nxe7 15. Bd3 b6 1/2-1/2

[Event "Amsterdam Chess Tournament 2005"]
[Site "Amsterdam NED"]
[Date "2005.07.23"]
[Round "8.26"]
[White "Bosboom, Manuel"]
[Black "Van Oosterom, Chiel"]
[Result "1-0"]
[WhiteElo "2419"]
[BlackElo "2197"]
[PlyCount "43"]
[EventDate "2005.07.16"]
[EventType "tourn"]
[EventRounds "9"]
[EventCountry "NED"]
[Source "lmi"]
[SourceDate "2005.07.25"]

1. c4 e5 2. e3 g6 3. d4 exd4 4. Qxd4 Nf6 5. Nc3 Nc6 6. Qd2 Bg7 7. Nge2 O-O 8.
Nf4 d6 9. Bd3 Ne5 10. Be2 Nfd7 11. b3 a5 12. Bb2 Nc5 13. Rd1 Bf5 14. O-O Ne4
15. Nxe4 Bxe4 16. Bc3 b6 17. Qb2 Qh4 18. Rd4 f5 19. f3 Ng4 20. fxg4 Bxd4 21.
Bxd4 fxg4 22. c5 1-0

[Event "Amsterdam Chess Tournament 2005"]
[Site "Amsterdam NED"]
[Date "2005.07.23"]
[Round "8.27"]
[White "Ansell, Simon"]
[Black "Schoorl, Rob"]
[Result "0-1"]
[WhiteElo "2407"]
[BlackElo "2239"]
[PlyCount "64"]
[EventDate "2005.07.16"]
[EventType "tourn"]
[EventRounds "9"]
[EventCountry "NED"]
[Source "lmi"]
[SourceDate "2005.07.25"]

1. e4 e5 2. Nf3 Nc6 3. Nc3 Nf6 4. g3 d5 5. exd5 Nxd5 6. Bg2 Nxc3 7. bxc3 Bd6 8.
O-O O-O 9. d3 Bg4 10. h3 Bd7 11. Ng5 Be7 12. f4 exf4 13. gxf4 h6 14. Ne4 f5 15.
Nf2 Be6 16. Qf3 Bf6 17. Bd2 Qd6 18. Rab1 Rab8 19. a4 Qa3 20. Ra1 Qb2 21. d4
Qxc2 22. Qe3 Bf7 23. Rfc1 Qb3 24. d5 Ne7 25. Qxa7 Bxd5 26. Rab1 Qc4 27. Bf1 Qc6
28. c4 Be4 29. Rb5 b6 30. c5 Bd4 31. cxb6 Qg6+ 32. Kh2 Bxf2 0-1

[Event "Amsterdam Chess Tournament 2005"]
[Site "Amsterdam NED"]
[Date "2005.07.23"]
[Round "8.28"]
[White "Baquero, Luis A"]
[Black "Peng, Zhaoqin"]
[Result "1-0"]
[WhiteElo "2301"]
[BlackElo "2405"]
[PlyCount "119"]
[EventDate "2005.07.16"]
[EventType "tourn"]
[EventRounds "9"]
[EventCountry "NED"]
[Source "lmi"]
[SourceDate "2005.07.25"]

1. d4 Nf6 2. c4 e6 3. Nc3 Bb4 4. e3 O-O 5. Bd3 d5 6. Nf3 c5 7. O-O Nc6 8. a3
Bxc3 9. bxc3 Qc7 10. Qc2 dxc4 11. Bxc4 Bd7 12. Bd3 e5 13. e4 h6 14. dxe5 Ng4
15. Bf4 Ngxe5 16. Nxe5 Nxe5 17. Bg3 Rfe8 18. Bxe5 Qxe5 19. f4 Qc7 20. e5 Rad8
21. Bh7+ Kf8 22. Be4 Bc6 23. Rad1 b5 24. Rfe1 c4 25. Rxd8 Rxd8 26. Bxc6 Qxc6
27. Qf2 g6 28. h3 Rd3 29. e6 fxe6 30. Qh4 Kg8 31. Qxh6 Qc5+ 32. Kh2 Qf5 33. Re5
Qf7 34. Rxb5 Rd8 35. Rc5 Rf8 36. Rxc4 e5 37. Rc6 Qxf4+ 38. Qxf4 Rxf4 39. Rxg6+
Kf7 40. Ra6 Rc4 41. Kg3 Rxc3+ 42. Kg4 Rc2 43. g3 Rf2 44. h4 e4 45. Ra4 Rf3 46.
Rxe4 Rxa3 47. Kf4 a5 48. Re3 Ra1 49. Kg5 a4 50. Re5 Rb1 51. Ra5 Rb3 52. g4 a3
53. h5 Kg7 54. Ra7+ Kg8 55. h6 Rb5+ 56. Kg6 Rb6+ 57. Kh5 Rb5+ 58. g5 Rc5 59.
h7+ Kh8 60. Kh6 1-0

[Event "Amsterdam Chess Tournament 2005"]
[Site "Amsterdam NED"]
[Date "2005.07.23"]
[Round "8.29"]
[White "Burg, Twan"]
[Black "Gullaksen, Eirik T"]
[Result "0-1"]
[WhiteElo "2218"]
[BlackElo "2382"]
[PlyCount "72"]
[EventDate "2005.07.16"]
[EventType "tourn"]
[EventRounds "9"]
[EventCountry "NED"]
[Source "lmi"]
[SourceDate "2005.07.25"]

1. e4 e5 2. Nf3 Nc6 3. d4 exd4 4. Nxd4 Bb4+ 5. c3 Bc5 6. Nxc6 bxc6 7. Bd3 Qh4
8. Qf3 Nf6 9. h3 O-O 10. g3 Qh5 11. g4 Qh4 12. Qg2 Re8 13. Nd2 Nd5 14. Nf3 Qf6
15. e5 d6 16. Bg5 Rxe5+ 17. Nxe5 Qxg5 18. Nf3 Qf6 19. Nd4 Bd7 20. O-O Nf4 21.
Qf3 Qh6 22. Nf5 Bxf5 23. Bxf5 d5 24. c4 Nxh3+ 25. Kg2 Nf4+ 26. Kg1 Nh3+ 27. Kg2
Ng5 28. Rh1 Qf6 29. Qe2 g6 30. Bd3 Kg7 31. Rhf1 Re8 32. Qd1 Qf4 33. Rc1 Re1 34.
Rxe1 Qxf2+ 35. Kh1 Qh4+ 36. Kg2 Qh3# 0-1

[Event "Amsterdam Chess Tournament 2005"]
[Site "Amsterdam NED"]
[Date "2005.07.23"]
[Round "8.30"]
[White "Al Sayed, Mohamad N"]
[Black "Vogel, Jaap"]
[Result "1-0"]
[WhiteElo "2478"]
[BlackElo "2291"]
[PlyCount "69"]
[EventDate "2005.07.16"]
[EventType "tourn"]
[EventRounds "9"]
[EventCountry "NED"]
[Source "lmi"]
[SourceDate "2005.07.25"]

1. d4 e6 2. c4 Nf6 3. Nc3 Bb4 4. Qc2 O-O 5. e4 d6 6. e5 dxe5 7. dxe5 Ng4 8. Nf3
Nc6 9. Bf4 Nd4 10. Qe4 Bxc3+ 11. bxc3 Nxf3+ 12. Qxf3 f5 13. h3 Nh6 14. g4 Kh8
15. g5 Ng8 16. Bg2 Qe7 17. Qe3 Qa3 18. O-O Rb8 19. Rfd1 b6 20. h4 Qe7 21. Rd4
Bd7 22. Rad1 Be8 23. Bf3 Qc5 24. h5 Ba4 25. R1d2 Rbe8 26. g6 h6 27. Bg2 Rb8 28.
Qg3 b5 29. Bf1 b4 30. cxb4 Rxb4 31. Qa3 Bc6 32. Rd8 Rxd8 33. Rxd8 Rxc4 34. Bxc4
Qxa3 35. Bxe6 1-0

[Event "Amsterdam Chess Tournament 2005"]
[Site "Amsterdam NED"]
[Date "2005.07.23"]
[Round "8.32"]
[White "Spaan, Tigran"]
[Black "Bezemer, Arno"]
[Result "0-1"]
[WhiteElo "2284"]
[BlackElo "2364"]
[PlyCount "80"]
[EventDate "2005.07.16"]
[EventType "tourn"]
[EventRounds "9"]
[EventCountry "NED"]
[Source "lmi"]
[SourceDate "2005.07.25"]

1. e4 c5 2. Nf3 d6 3. d4 cxd4 4. Nxd4 Nf6 5. Nc3 a6 6. Be3 e5 7. Nb3 Be6 8. f3
Nbd7 9. Qd2 b5 10. g4 Nb6 11. g5 Nh5 12. Qf2 Nc4 13. Bxc4 bxc4 14. Nd2 Rb8 15.
Rb1 Be7 16. h4 O-O 17. Nf1 f5 18. Qg2 d5 19. exd5 Bxd5 20. Rd1 Bb4 21. Nh2 Qa5
22. O-O Be6 23. Ne2 Be7 24. Bc1 Qxa2 25. Ng3 Nxg3 26. Qxg3 c3 27. bxc3 f4 28.
Qg2 Qc4 29. Ng4 Qxc3 30. Rfe1 Bc5+ 31. Kh2 Bd4 32. Nf6+ Kh8 33. Ne4 Qc7 34. Ba3
Rfd8 35. Bd6 Qf7 36. Bxb8 Qh5 37. Nf2 Qxh4+ 38. Kg1 Rxb8 39. Kf1 Bf5 40. Re2
Bxf2 0-1

[Event "Amsterdam Chess Tournament 2005"]
[Site "Amsterdam NED"]
[Date "2005.07.23"]
[Round "8.33"]
[White "Koster, Ramon"]
[Black "Breivik, Lars"]
[Result "1/2-1/2"]
[WhiteElo "2335"]
[BlackElo "2217"]
[PlyCount "41"]
[EventDate "2005.07.16"]
[EventType "tourn"]
[EventRounds "9"]
[EventCountry "NED"]
[Source "lmi"]
[SourceDate "2005.07.25"]

1. d4 Nf6 2. c4 e6 3. Nc3 c5 4. d5 exd5 5. cxd5 d6 6. e4 g6 7. Bd3 Bg7 8. h3
O-O 9. Nf3 b5 10. Bxb5 Nxe4 11. Nxe4 Qa5+ 12. Nfd2 Qxb5 13. Nxd6 Qa6 14. N2c4
Nd7 15. O-O Ne5 16. Nxc8 Raxc8 17. Nxe5 Bxe5 18. Re1 Qf6 19. Bh6 Bd4 20. Qd2
Rfd8 21. Rad1 1/2-1/2

[Event "Amsterdam Chess Tournament 2005"]
[Site "Amsterdam NED"]
[Date "2005.07.23"]
[Round "8.35"]
[White "Beckhuis, Gernod"]
[Black "Lyell, Mark"]
[Result "1-0"]
[WhiteElo "2324"]
[BlackElo "2194"]
[PlyCount "67"]
[EventDate "2005.07.16"]
[EventType "tourn"]
[EventRounds "9"]
[EventCountry "NED"]
[Source "lmi"]
[SourceDate "2005.07.25"]

1. d4 f5 2. g3 Nf6 3. Bg2 g6 4. Nf3 Bg7 5. c4 O-O 6. O-O d6 7. Nc3 Qe8 8. d5 a5
9. Be3 Bd7 10. Qd2 c5 11. Bh6 Na6 12. Bxg7 Kxg7 13. Rfe1 f4 14. e4 fxg3 15.
hxg3 Ng4 16. e5 dxe5 17. Re2 Rf5 18. Rae1 Qb8 19. Nd1 Qd6 20. Ne3 Nxe3 21. Rxe3
Raf8 22. Nxe5 Bc8 23. Ng4 e5 24. f4 h5 25. fxe5 Qb6 26. Nf6 Qb4 27. Qc1 b5 28.
cxb5 Qxb5 29. Rb3 Qa4 30. Re4 Nb4 31. Qxc5 Qxa2 32. Qc7+ Kh6 33. Qh7+ Kg5 34.
Rg4+ 1-0

[Event "Amsterdam Chess Tournament 2005"]
[Site "Amsterdam NED"]
[Date "2005.07.23"]
[Round "8.36"]
[White "Bachofner, Andreas"]
[Black "Bakker, Sven"]
[Result "0-1"]
[WhiteElo "2177"]
[BlackElo "2300"]
[PlyCount "212"]
[EventDate "2005.07.16"]
[EventType "tourn"]
[EventRounds "9"]
[EventCountry "NED"]
[Source "lmi"]
[SourceDate "2005.07.25"]

1. e4 c6 2. d4 d5 3. exd5 cxd5 4. Bd3 Nc6 5. c3 Qc7 6. Ne2 Bg4 7. f3 Bd7 8. Bf4
e5 9. Bg3 Bd6 10. Bb5 Nge7 11. Nd2 f6 12. Qb3 a6 13. dxe5 fxe5 14. Bd3 Rc8 15.
O-O Be6 16. a3 Bc5+ 17. Bf2 Bxf2+ 18. Rxf2 Qd7 19. Qd1 Rd8 20. Ng3 O-O 21. Bc2
Qc7 22. Qe1 Qb6 23. b4 Nf5 24. Nxf5 Bxf5 25. Bb3 Kh8 26. c4 Nd4 27. cxd5 Nxb3
28. Nxb3 Rxd5 29. Kh1 Rfd8 30. Rd2 Rxd2 31. Nxd2 Qd4 32. Nb3 Qb2 33. Nc5 b6 34.
Nxa6 Rd2 35. Rd1 Rxd1 36. Qxd1 h6 37. g4 Qxa3 38. gxf5 Qxa6 39. Kg2 Qb5 40.
Qd8+ Kh7 41. Qe7 Qe2+ 42. Kg3 Qe1+ 43. Kh3 Qc3 44. Kg2 Qd2+ 45. Kg1 Qd1+ 46.
Kf2 Qc2+ 47. Ke3 Qxf5 48. Qh4 Kg6 49. Qc4 Kf6 50. Ke2 Qe6 51. Qa6 Kf5 52. Kf2
Qd6 53. Qc8+ Kf6 54. b5 Qd4+ 55. Kg3 Qg1+ 56. Kh3 Qf1+ 57. Kg3 Qxb5 58. Qf8+
Kg6 59. h4 Qd7 60. Qb4 Qe6 61. Qe4+ Kf6 62. h5 Kf7 63. Qb7+ Kg8 64. Qa8+ Kh7
65. Qe4+ Kh8 66. Qb7 Qf6 67. Qa8+ Kh7 68. Qe4+ Kg8 69. Qa8+ Kf7 70. Qb7+ Qe7
71. Qxb6 Qg5+ 72. Kf2 Qxh5 73. Qb7+ Kg6 74. Qc6+ Kg5 75. Qc1+ Kf5 76. Qc2+ Kf6
77. Qc6+ Kf7 78. Qd5+ Kf8 79. Qd6+ Kg8 80. Qd5+ Kh7 81. Qe4+ Qg6 82. Qxe5 h5
83. Qe7 Qf5 84. Qh4 Kh6 85. Qd4 Qf6 86. Qd2+ g5 87. Kg2 h4 88. Qc2 Qd6 89. Qf2
Kh5 90. Kh3 Qf4 91. Qg2 Qf5+ 92. Kh2 Qe5+ 93. Kh3 Qf4 94. Qf2 Kg6 95. Qg2 Kf5
96. Qf2 Ke5 97. Qb2+ Kd5 98. Qb3+ Kd4 99. Qb6+ Kd3 100. Qf2 Qe5 101. Qf1+ Ke3
102. Qe1+ Kf4 103. Qf2 Qe3 104. Qh2+ Kxf3 105. Qg3+ Ke4 106. Qxe3+ Kxe3 0-1

[Event "Amsterdam Chess Tournament 2005"]
[Site "Amsterdam NED"]
[Date "2005.07.23"]
[Round "8.37"]
[White "Martyn, Rafe"]
[Black "Doggers, Peter"]
[Result "1-0"]
[WhiteElo "2340"]
[BlackElo "2249"]
[PlyCount "71"]
[EventDate "2005.07.16"]
[EventType "tourn"]
[EventRounds "9"]
[EventCountry "NED"]
[Source "lmi"]
[SourceDate "2005.07.25"]

1. d4 Nf6 2. c4 g6 3. Nf3 Bg7 4. g3 O-O 5. Bg2 d6 6. O-O Nbd7 7. Nc3 e5 8. e4
a6 9. dxe5 dxe5 10. Qc2 c6 11. h3 b5 12. Be3 Bb7 13. Nd2 Qe7 14. a3 Nh5 15.
Rfe1 Bf6 16. Nb3 Bg5 17. Na5 Bxe3 18. Rxe3 Nc5 19. Ne2 Rac8 20. Rd1 Ne6 21.
Red3 Nf6 22. Qc3 Nc5 23. Re3 Ba8 24. Qb4 Qa7 25. Rc1 Ne6 26. c5 Rcd8 27. Nb3
Qc7 28. Qa5 Qxa5 29. Nxa5 Rd2 30. b4 Rfd8 31. Nc3 Nd4 32. Kf1 Kg7 33. Ree1 Nc2
34. Red1 h5 35. Rxd2 Rxd2 36. Nb3 1-0

[Event "Amsterdam Chess Tournament 2005"]
[Site "Amsterdam NED"]
[Date "2005.07.23"]
[Round "8.39"]
[White "Van Eekhout, David"]
[Black "Bitalzadeh, Ali"]
[Result "1/2-1/2"]
[WhiteElo "2240"]
[BlackElo "2317"]
[PlyCount "61"]
[EventDate "2005.07.16"]
[EventType "tourn"]
[EventRounds "9"]
[EventCountry "NED"]
[Source "lmi"]
[SourceDate "2005.07.25"]

1. e4 c5 2. Nf3 d6 3. d4 cxd4 4. Nxd4 Nf6 5. Nc3 Nc6 6. Be2 g6 7. O-O Bg7 8.
Nb3 O-O 9. Bg5 a5 10. a4 Be6 11. f4 Nb4 12. Kh1 Bxb3 13. cxb3 d5 14. e5 Ne4 15.
Nxe4 dxe4 16. Qxd8 Rfxd8 17. Bxe7 Rd2 18. Bxb4 axb4 19. Rae1 Rad8 20. Rd1 g5
21. fxg5 Bxe5 22. Rxd2 Rxd2 23. Bc4 e3 24. Re1 Bf4 25. g3 Bxg5 26. Re2 Rd4 27.
Kg2 Kg7 28. Kf3 f5 29. h4 Bh6 30. Re1 Rd2 31. Re2 1/2-1/2

[Event "Amsterdam Chess Tournament 2005"]
[Site "Amsterdam NED"]
[Date "2005.07.23"]
[Round "8.40"]
[White "Spence, David"]
[Black "Van den Berg, Ad M.J"]
[Result "1/2-1/2"]
[WhiteElo "2218"]
[BlackElo "2298"]
[PlyCount "68"]
[EventDate "2005.07.16"]
[EventType "tourn"]
[EventRounds "9"]
[EventCountry "NED"]
[Source "lmi"]
[SourceDate "2005.07.25"]

1. e4 c5 2. c3 g6 3. d4 cxd4 4. cxd4 d5 5. e5 Nc6 6. Nc3 Nh6 7. g3 Nf5 8. Nge2
Bg7 9. Bg2 e6 10. O-O O-O 11. a3 Bd7 12. Bh3 f6 13. Bxf5 gxf5 14. f4 Rc8 15. b4
Be8 16. Be3 Bh5 17. Qd2 Qe8 18. Nc1 Bg4 19. Nd3 b6 20. Rac1 Rf7 21. Kg2 Nd8 22.
exf6 Bxf6 23. Nxd5 Rxc1 24. Nxf6+ Rxf6 25. Rxc1 Qd7 26. Ne5 Qd5+ 27. Kg1 Bh3
28. Qe2 Rf8 29. Rc7 Qb3 30. Kf2 Qd5 31. Kg1 Qb3 32. Kf2 Qd5 33. Qf3 Qa2+ 34.
Qe2 Qd5 1/2-1/2

[Event "Amsterdam Chess Tournament 2005"]
[Site "Amsterdam NED"]
[Date "2005.07.23"]
[Round "8.42"]
[White "Overeem, Marc"]
[Black "Pruijssers, Roeland"]
[Result "1/2-1/2"]
[WhiteElo "2199"]
[BlackElo "2261"]
[PlyCount "129"]
[EventDate "2005.07.16"]
[EventType "tourn"]
[EventRounds "9"]
[EventCountry "NED"]
[Source "lmi"]
[SourceDate "2005.07.25"]

1. c4 e5 2. g3 Nf6 3. Bg2 Bc5 4. Nc3 d6 5. e3 Nc6 6. Nge2 O-O 7. a3 a5 8. O-O
Re8 9. b4 Bb6 10. h3 Bf5 11. d3 Qd7 12. Kh2 h6 13. Bb2 Bh7 14. Nd5 Nxd5 15.
cxd5 Na7 16. a4 Nc8 17. Qd2 Kh8 18. Rae1 f6 19. e4 c6 20. f4 c5 21. bxc5 dxc5
22. fxe5 fxe5 23. Nc1 c4 24. dxc4 Nd6 25. c5 Bxc5 26. Nd3 Bb4 27. Bc3 Bxc3 28.
Qxc3 Qxa4 29. Nc5 Qb4 30. Qe3 Rac8 31. Ne6 Bg8 32. Rb1 Qc3 33. Qb6 Nc4 34. Qxb7
Bxe6 35. dxe6 Nd6 36. Qd5 Qc7 37. Rfc1 Qe7 38. Qxe5 Nc4 39. Qd5 Qxe6 40. Qxe6
Rxe6 41. Rc3 Nd6 42. Rxc8+ Nxc8 43. Rb5 a4 44. Rb8 Re8 45. Ra8 Nd6 46. Rxa4 Kg8
47. Kg1 Kf7 48. Kf2 Ke6 49. Ke3 Rb8 50. Bf1 Rb6 51. Ra7 Kf6 52. Bd3 Rc6 53. Kd4
Nf7 54. Ra2 Rd6+ 55. Ke3 Ne5 56. Be2 Rb6 57. Ra3 Rc6 58. h4 Rb6 59. Ra6 Rxa6
60. Bxa6 Ng4+ 61. Kd4 Ne5 62. Bc4 Nc6+ 63. Ke3 Ne5 64. Bd3 Nd7 65. Kf4 1/2-1/2

[Event "Amsterdam Chess Tournament 2005"]
[Site "Amsterdam NED"]
[Date "2005.07.23"]
[Round "8.43"]
[White "Monteban, Martijn"]
[Black "Wunnink, Michael"]
[Result "1-0"]
[WhiteElo "2260"]
[BlackElo "2223"]
[PlyCount "105"]
[EventDate "2005.07.16"]
[EventType "tourn"]
[EventRounds "9"]
[EventCountry "NED"]
[Source "lmi"]
[SourceDate "2005.07.25"]

1. e4 c5 2. Nf3 d6 3. d4 cxd4 4. Nxd4 Nf6 5. Nc3 a6 6. Bg5 e6 7. f4 Qb6 8. Nb3
Be7 9. Qf3 Qc7 10. O-O-O Nbd7 11. g4 b5 12. a3 Rb8 13. Bh4 h6 14. Bg3 b4 15.
axb4 Rxb4 16. h4 Bb7 17. Rd4 Rxd4 18. Nxd4 Nc5 19. Bd3 d5 20. e5 Nfe4 21. Bxe4
Nxe4 22. Nxe4 dxe4 23. Qe2 Qb6 24. Rd1 Bd5 25. c4 Qc5 26. b3 O-O 27. Nc2 Rc8
28. Kb2 f6 29. Bf2 Qc7 30. Bd4 Bb7 31. Qe3 fxe5 32. Bxe5 Bf6 33. Bxf6 gxf6 34.
Nd4 Qb6 35. Qc3 Qd6 36. Rf1 Rd8 37. Nc2 e5 38. fxe5 fxe5 39. Rf5 Re8 40. g5 h5
41. Rf6 Re6 42. c5 Qd7 43. Qh3 Bc8 44. Rxe6 Qxe6 45. Qxe6+ Bxe6 46. Kc3 Kf7 47.
Kb4 Ke7 48. Ne3 a5+ 49. Kxa5 Bxb3 50. Kb6 Kd7 51. c6+ Kc8 52. c7 Bf7 53. Nf5
1-0